It looks like you're offline.
Open Library logo
additional options menu

MARC Record from Library of Congress

Record ID marc_loc_2016/BooksAll.2016.part33.utf8:170523559:1099
Source Library of Congress
Download Link /show-records/marc_loc_2016/BooksAll.2016.part33.utf8:170523559:1099?format=raw

LEADER: 01099cam a22002774a 4500
001 2006283012
003 DLC
005 20091111084006.0
008 060915s2006 gaua bc 000 0 eng c
010 $a 2006283012
020 $a0933075065
035 $a(OCoLC)ocm71011269
040 $aCGU$cCGU$dCOO$dDLC
042 $apcc
050 00 $aN6488.5.V37$bK55 2006
245 04 $aThe Kirk Varnedoe Collection /$cwith artists' statements excerpted from interviews conducted & directed by Kadee Robbins.
260 $aSavannah, Ga. :$bTelfair Museum of Art,$c2006.
300 $a75 p. :$bill. ;$c25 cm.
600 10 $aVarnedoe, Kirk,$d1946-2003$xArt collections$vExhibitions.
650 0 $aArt, Modern$y20th century$vExhibitions.
650 0 $aArt$zGeorgia$zSavannah$vExhibitions.
650 0 $aArt$xPrivate collections$zGeorgia$zSavannah$vExhibitions.
700 1 $aRobbins, Kadee.
710 2 $aTelfair Museum of Art.
856 41 $3Table of contents only$uhttp://www.loc.gov/catdir/toc/fy0714/2006283012.html
856 42 $3Publisher description$uhttp://www.loc.gov/catdir/enhancements/fy1002/2006283012-d.html